| 000 | 00363cam a2200157 4500 | ||
|---|---|---|---|
| 001 | J2814 | ||
| 008 | 090401t1946 xxu||||| |||| 00| 0 eng d | ||
| 035 | _a(Sirsi) u51304 | ||
| 041 | _aeng | ||
| 245 | _aSpon`s architects` and builders` pocket price book | ||
| 250 | _a73ed | ||
| 260 |
_bE & F N Spon _c1946 |
||
| 350 | _a0 | ||
| 942 | _n0 | ||
| 948 | _c04/03/1997 | ||
| 999 |
_c92862 _d92862 |
||